Online Catalogue and eLibrary

Forging identities : (Record no. 122)

MARC details
000 -LEADER
fixed length control field 00543cam a2200193 a 4500
001 - CONTROL NUMBER
control field 3502213
005 - DATE AND TIME OF LATEST TRANSACTION
control field 20231204005002.0
008 - FIXED-LENGTH DATA ELEMENTS--GENERAL INFORMATION
fixed length control field 940414s1994 ii b 001 0 eng
020 ## - INTERNATIONAL STANDARD BOOK NUMBER
ISBN 8185107351 :
020 ## - INTERNATIONAL STANDARD BOOK NUMBER
ISBN 818510736X (pbk.)
040 ## - CATALOGING SOURCE (பட்டியலாக்க மூலம்)
Original cataloging agency DLC
Transcribing agency DLC
Modifying agency DLC
082 00 - DDC Classification
Class No. 305.48/6971054
DDC Edition Number 20
245 00 - TITLE STATEMENT
Title Forging identities :
Remainder of title gender, communities, and the state /
Statement of responsibility, etc. edited by Zoya Hasan.
260 ## - PUBLICATION, DISTRIBUTION, ETC.
Place of publication, distribution, etc. New Delhi :
Name of publisher, distributor, etc. Kali for Women,
Date of publication, distribution, etc. 1994.
300 ## - PHYSICAL DESCRIPTION
Extent (e.g. Volumes, Pages etc.) xxiv, 264 p. ;
650 #0 - SUBJECT ADDED ENTRY--TOPICAL TERM
Topical term or geographic name entry element Muslim women
700 1# - ADDED ENTRY--PERSONAL NAME
Personal name Hasan, Zoya,
Relator term (Role) Editor
942 ## - Koha item type (Biblio)
Koha item type Books in Stacks (Lending)
Holdings
Lost status Damaged status Collection code Home library Current library Date acquired Full call number Accession Number Item type
    Lending WERC Library WERC Library 12/04/2023 305.48/6971054 2120 Books in Stacks (Lending)

© WERC Library